Escenarios de la corporeidad: antropología de la vida cotidiana 2-1

Gorde:
Xehetasun bibliografikoak
Egile nagusia: Duch, Lluís (autor)
Beste egile batzuk: Mèlich Sangrà, Joan-Carles (autor)
Formatua: Liburua
Hizkuntza:gaztelania
Argitaratua: Madrid Trotta 2005
Saila:Colección Estructuras y Procesos. Serie Antropología
Gaiak:
Etiketak: Etiketa erantsi
Etiketarik gabe, Izan zaitez lehena erregistro honi etiketa jartzen!

MARC

LEADER 00000nam a2200000 a 4500
001 UCI7314
003 CL-VaPUC
008 080626e20050000SP |||||||||||||||||spa|d
020 |a 848164787X 
082 0 4 |a 128.6  |b DUC  |2 21 
100 |a Duch, Lluís  |e autor  |9 591785 
700 |a Mèlich Sangrà, Joan-Carles  |e autor  |9 558084 
245 1 0 |a Escenarios de la corporeidad: antropología de la vida cotidiana 2-1 
300 |a 391 p 
942 |c BK 
945 |d 20080626 00:00:00  |a rbrito 
260 |a Madrid  |b Trotta  |c 2005 
650 0 |a Cuerpo humano  |9 257169 
650 0 |a Antropología filosófica  |9 265842 
583 |a last modification  |c 20080626 00:00:00  |k Rodrigo Vera 
490 0 |a Colección Estructuras y Procesos. Serie Antropología 
999 |c 330635  |d 330633 
952 |0 0  |1 0  |4 0  |6 128_600000000000000_DUC_2005  |7 0  |8 A  |9 416286  |a FDOPOS  |b FDOPOS  |d 2019-11-22  |i 4452062  |o 128.6 DUC 2005  |p 4452062  |r 2019-11-22  |w 2019-11-22  |y BK  |k MLH